|
|
|
|
| LEADER |
00000nam a2200000 i 4500 |
| 001 |
115563 |
| 003 |
CZ ZlUTB |
| 005 |
20260429145511.0 |
| 007 |
ta |
| 008 |
260420s2025 xr ah f 001 0 cze |
| 015 |
|
|
|a cnb003750690
|
| 020 |
|
|
|a 978-80-7465-707-8
|q (vázáno)
|
| 040 |
|
|
|a ABA001
|b cze
|e rda
|
| 041 |
0 |
|
|a cze
|b ger
|
| 043 |
|
|
|a e-gx---
|
| 045 |
|
|
|a y-y-
|
| 072 |
|
7 |
|a 741.52
|x Komiksy. Komiksové adaptace
|2 Konspekt
|9 21
|
| 080 |
|
|
|a 741.52
|2 MRF
|
| 080 |
|
|
|a 82:7.04
|2 MRF
|
| 080 |
|
|
|a 82:316.7
|2 MRF
|
| 080 |
|
|
|a 82.09
|2 MRF
|
| 080 |
|
|
|a (430)
|2 MRF
|
| 080 |
|
|
|a (048.8)
|2 MRF
|
| 100 |
1 |
|
|a Heinrichová, Naděžda,
|d 1969-
|7 mzk2011626104
|4 aut
|
| 245 |
1 |
0 |
|a Grafický román v kontextu německé literární kultury 21. století /
|c Naděžda Heinrichová
|
| 264 |
|
1 |
|a Červený Kostelec :
|b Pavel Mervart,
|c 2025
|
| 300 |
|
|
|a 120 stran :
|b ilustrace (převážně barevné) ;
|c 22 cm
|
| 336 |
|
|
|a text
|b txt
|2 rdacontent
|
| 337 |
|
|
|a bez média
|b n
|2 rdamedia
|
| 338 |
|
|
|a svazek
|b nc
|2 rdacarrier
|
| 504 |
|
|
|a Obsahuje bibliografii, bibliografické odkazy a rejstřík
|
| 546 |
|
|
|a Německé resumé
|
| 648 |
|
7 |
|a 21. století
|7 ch460559
|2 czenas
|
| 650 |
0 |
7 |
|a komiks
|7 ph114952
|z Německo
|y 21. století
|2 czenas
|
| 650 |
0 |
7 |
|a literární náměty
|7 ph138213
|2 czenas
|
| 650 |
0 |
7 |
|a literatura a kultura
|7 ph798114
|z Německo
|y 21. století
|2 czenas
|
| 650 |
0 |
7 |
|a literárněvědné rozbory
|7 ph138745
|2 czenas
|
| 650 |
0 |
9 |
|a comics
|z Germany
|y 21st century
|2 eczenas
|
| 650 |
0 |
9 |
|a literary themes
|2 eczenas
|
| 650 |
0 |
9 |
|a literature and culture
|z Germany
|y 21st century
|2 eczenas
|
| 650 |
0 |
9 |
|a literary criticism and history
|2 eczenas
|
| 655 |
|
7 |
|a monografie
|7 fd132842
|2 czenas
|
| 655 |
|
9 |
|a monographs
|2 eczenas
|
| 710 |
2 |
|
|a Nakladatelství Pavel Mervart
|7 kn20110210010
|4 pbl
|
| 910 |
|
|
|a ZLD002
|
| 942 |
|
|
|2 udc
|
| 952 |
|
|
|0 0
|1 0
|4 0
|6 82088HEINRICHOVÁN
|7 0
|8 BOOK
|9 190926
|a UTBZL
|b UTBZL
|c 005
|d 2026-04-29
|l 0
|o 820/88/HEINRICHOVÁ,N.
|p 420010202038
|r 2026-04-29 15:00:34
|v 199.00
|w 2026-04-29
|x N:nákup
|y 01
|
| 992 |
|
|
|a BK
|b SKNEW
|
| 999 |
|
|
|c 115563
|d 115563
|